[Event "Tepe Sigeman 2026"]
[Site "Elite Plaza Hotel, Gustav Ado"]
[Date "2026.05.01"]
[Round "1.1"]
[White "Woodward, Andy"]
[Black "Grandelius, Nils"]
[Result "1-0"]
[WhiteElo "2635"]
[BlackElo "2662"]
[PlyCount "91"]
[EventDate "2026.??.??"]
[WhiteTeam "USA"]
[BlackTeam "SWE"]
[WhiteClock "0:56:06"]
[BlackClock "0:21:27"]

1. d4 d5 2. c4 e6 3. Nf3 Nf6 4. Nc3 h6 5. g3 Be7 6. Bg2 O-O 7. O-O dxc4 8. Ne5 Nc6 9. Bxc6 bxc6 10. Nxc6 Qe8 11. Nxe7+ Qxe7 12. Be3 $146 ({RR} 12. Qa4 a5 13. Qxc4 Ba6 14. Qc5 Qxc5 15. dxc5 Nd5 16. Re1 Nxc3 17. bxc3 e5 18. f3 a4 19. Rb1 Bc4 20. a3 Bb3 21. Rb2 Ra5 22. Be3 Rd8 23. Kf2 f6 24. Rc1 Kf7 25. Ke1 Ke6 26. c4 g5 {Aditya,M (2595)-Tari,A (2623) Samarkand UZB 2023 ½-½ (37)}) ({RR} 12. Qa4 a5 13. Qxc4 Ba6 14. Qc5 Qxc5 15. dxc5 Rfd8 16. Re1 Nd5 17. Nxd5 Rxd5 18. Be3 a4 19. f3 f6 20. Kf2 c6 21. Red1 Bc4 22. Rd4 Rxd4 23. Bxd4 Rd8 24. Bc3 h5 25. Ke1 e5 26. Rd1 Rxd1+ {Sindarov,J (2745)-Nakamura,H (2810) Pegeia CYP 2026 ½-½ (33)}) ({RR} 12. Qa4 a5 13. Qxc4 Ba6 14. Qc6 Nd5 15. Re1 Qb4 16. a3 Qxd4 17. Nxd5 Qxd5 18. Qxd5 exd5 19. Bd2 a4 20. Rac1 Bc4 21. e4 c6 22. Bc3 Rfd8 23. f3 Bb3 24. Bb4 Rac8 25. Rc5 d4 26. Kf2 f6 {Gong,S (2117)-Chen,H (2171) Qingdao CHN 2024 ½-½ (73)}) 12... a5 13. f3 Rd8 14. Qc1 e5 15. dxe5 Qxe5 16. Bf4 Qc5+ 17. Qe3 Qxe3+ 18. Bxe3 Nd5 19. Rfd1 Be6 20. Bd4 f6 21. g4 Kf7 22. Nxd5 Rxd5 23. Bc3 Rxd1+ 24. Rxd1 a4 25. a3 Ke7 26. Kf2 Rd8 27. Bb4+ Ke8 28. Rxd8+ Kxd8 29. Bf8 g5 30. Bxh6 Ke7 31. Kg3 c3 32. bxc3 Bc4 33. e4 Be2 34. e5 fxe5 35. Bxg5+ Ke6 36. Kf2 Bd1 37. Ke3 c6 38. h4 Kd5 39. h5 Ke6 40. Bh4 Bc2 41. Bg3 Kf6 42. c4 Bb3 43. h6 Bc2 44. Bxe5+ Kxe5 45. f4+ Kf6 46. f5 1-0

[Event "Tepe Sigeman 2026"]
[Site "Elite Plaza Hotel, Gustav Ado"]
[Date "2026.05.01"]
[Round "1.2"]
[White "Zhu, Jiner"]
[Black "Abdusattorov, Nodirbek"]
[Result "0-1"]
[WhiteElo "2546"]
[BlackElo "2780"]
[PlyCount "76"]
[EventDate "2026.??.??"]
[WhiteTeam "CHN"]
[BlackTeam "UZB"]
[WhiteClock "0:15:18"]
[BlackClock "0:54:12"]

1. e4 c6 2. d4 d5 3. e5 Bf5 4. Nd2 e6 5. Nb3 Ne7 6. Nf3 Nd7 7. Be2 h6 8. O-O a5 ({RR} 8... g5 9. a4 Bg7 10. a5 O-O 11. c3 Rc8 12. Be3 Ng6 13. Ne1 Nf4 14. Bxf4 gxf4 15. Bd3 Qg5 16. Nd2 f6 17. Ndf3 Qh5 18. Bxf5 Qxf5 19. exf6 Nxf6 20. Nd3 Ne4 21. Nfe5 Rc7 22. f3 Nd6 23. Re1 {Dominguez Perez,L (2754)-Niemann,H (2688) chess24.com INT 2022 0-1 (35)}) 9. a4 Bg6 $146 ({RR} 9... Be4 10. Ne1 c5 11. c3 Nc6 12. f3 Bh7 13. Be3 cxd4 14. cxd4 Qb6 15. f4 Be7 16. Bd3 Be4 17. Bxe4 dxe4 18. Nd2 Qxb2 19. Nxe4 Qb6 20. Rb1 Qa6 21. Nd3 Nb4 22. Ndc5 Nxc5 23. dxc5 O-O 24. Nd6 {Vega Gutierrez,S (2392)-Shahaliyev,I (2413) Chess.com INT 2021 0-1 (35)}) ({RR} 9... g5 10. Ne1 Bg7 11. Bd3 Bxd3 12. Nxd3 Nf5 13. f4 Qb6 14. fxg5 hxg5 15. Bxg5 Nxe5 16. Rxf5 exf5 17. Nxe5 Bxe5 18. Qe2 Kd7 19. Qxe5 Rae8 20. Nc5+ Kc8 21. Qxf5+ Kb8 22. Nd7+ {1-0 (22) Advik Amit Agrawal (2212)-Tarhan,A (2460) chess.com INT 2026}) ({RR} 9... g5 10. Ne1 Bg6 11. f4 Nf5 12. Nd3 Qb6 13. c3 Bg7 14. Nbc5 Nxc5 15. Nxc5 gxf4 16. Bxf4 Qxb2 17. Rf3 Ne7 18. Bd3 Bh5 19. Rb1 Bxf3 20. Qxf3 Qxc3 21. Nxe6 fxe6 22. Bg6+ Nxg6 23. Qxc3 Nxf4 24. Qf3 {Degenbaev,A (2242)-Pert,N (2021) chess.com INT 2023 1-0 (43)}) 10. Bd2 Nf5 11. Rc1 Bb4 12. Qe1 Bxd2 13. Qxd2 O-O 14. Bd3 Qb6 15. Rfe1 Rfc8 16. Ra1 Ne7 17. Bxg6 Nxg6 18. Ra3 c5 19. dxc5 Nxc5 20. Nxc5 Rxc5 21. Rc3 Rxc3 22. Qxc3 Ne7 23. Nd4 Rc8 24. Qd2 Qxb2 25. h3 Qb4 26. Qxb4 axb4 27. a5 Rc4 28. Rd1 Ng6 29. Nf3 Rxc2 30. Rb1 Rc4 31. Nd2 Rc5 32. Rxb4 Nxe5 33. Nb3 Rc7 34. Rb5 Nc4 35. Kf1 Kf8 36. Ke2 Ke7 37. f4 Nd6 38. Rb4 Rc4 0-1

[Event "Tepe Sigeman 2026"]
[Site "Elite Plaza Hotel, Gustav Ado"]
[Date "2026.05.01"]
[Round "1.3"]
[White "Carlsen, Magnus"]
[Black "Erigaisi Arjun"]
[Result "1/2-1/2"]
[WhiteElo "2840"]
[BlackElo "2751"]
[PlyCount "71"]
[EventDate "2026.??.??"]
[WhiteTeam "NOR"]
[BlackTeam "IND"]
[WhiteClock "0:01:24"]
[BlackClock "0:17:34"]

1. e4 e5 2. Nf3 Nf6 3. Nxe5 d6 4. Nd3 Nxe4 5. Qe2 Qe7 6. Nf4 Nf6 7. Nc3 c6 8. d4 Qxe2+ 9. Bxe2 Bf5 10. Bd3 Bxd3 11. Nxd3 Na6 12. f3 $146 ({RR} 12. Bg5 Be7 13. O-O-O {½-½ (13) Predojevic,B (2618)-Rakhmanov,A (2606) Subotica 2019}) ({RR} 12. Bg5 Be7 13. O-O-O Nc7 14. Rhe1 Ncd5 15. Bxf6 Nxf6 16. d5 Kf8 17. dxc6 bxc6 18. Ne4 Ne8 19. Ng3 g6 20. Re4 Bg5+ 21. f4 Bh4 22. Rb4 Bxg3 23. hxg3 Kg7 24. Rb7 Nf6 25. Nb4 Rhe8 26. Nxc6 Re2 {Annaberdiev,M (2532)-Koksal,E (2363) Ankara 2019 ½-½ (57)}) 12... Kd7 13. Kf2 g6 14. a4 Bg7 15. Bd2 h5 16. Ne2 Bh6 17. Bxh6 Rxh6 18. b4 Nc7 19. b5 Rhh8 20. c4 Ne6 21. Rab1 c5 22. d5 Ng7 23. a5 Rae8 24. a6 b6 25. Nc3 Nf5 26. Rhe1 Nd4 27. h4 Nc2 28. Rxe8 Rxe8 29. Rc1 Ne3 30. Nd1 Nf5 31. g3 Kd8 32. Nc3 Ne3 33. Nd1 Nf5 34. Nc3 Ne3 35. Nb2 Nf5 36. Nd3 1/2-1/2

[Event "Tepe Sigeman 2026"]
[Site "Elite Plaza Hotel, Gustav Ado"]
[Date "2026.05.01"]
[Round "1.4"]
[White "Van Foreest, Jorden"]
[Black "Erdogmus, Yagiz Kaan"]
[Result "1/2-1/2"]
[WhiteElo "2735"]
[BlackElo "2708"]
[PlyCount "60"]
[EventDate "2026.??.??"]
[WhiteTeam "NED"]
[BlackTeam "TUR"]
[WhiteClock "0:30:17"]
[BlackClock "0:16:21"]

1. d4 Nf6 2. c4 e6 3. Nf3 d5 4. g3 Be7 5. Bg2 O-O 6. O-O dxc4 7. Qc2 a6 8. a4 b6 9. Ne5 Ra7 10. Rd1 Bb7 11. e4 Nc6 12. Nxc6 Bxc6 13. Nc3 Ba8 14. Be3 $146 ({RR} 14. Qe2 c6 15. Qxc4 b5 16. Qe2 b4 {½-½ (16) Amann,G (2280)-Poettinger,H (2260) Austria 1997}) ({RR} 14. Qe2 c6 15. Qxc4 b5 16. Qe2 b4 17. e5 bxc3 18. exf6 c2 19. Qxc2 Bxf6 20. Be3 Rd7 21. Rac1 Rd6 22. b4 Qd7 23. Qe2 Rd8 24. Rd2 Bxd4 25. Rxd4 Rxd4 26. Bxd4 Qxd4 27. Qxa6 Qxb4 28. Bxc6 Qa3 {Huebner,R (2600)-Spassky,B (2615) Bad Kissingen 1980 ½-½ (43)}) 14... Qc8 15. Qe2 c5 16. d5 exd5 17. exd5 Rd8 18. Qxc4 h6 19. Bf4 Bf8 20. Re1 b5 21. axb5 axb5 22. Qxb5 Rxa1 23. Rxa1 Nxd5 24. Rxa8 Qxa8 25. Bxd5 Rxd5 26. Nxd5 Qxd5 27. b3 Qd1+ 28. Kg2 Qd5+ 29. Kg1 Qd1+ 30. Kg2 Qd5+ 1/2-1/2

[Event "Tepe Sigeman 2026"]
[Site "Elite Plaza Hotel, Gustav Ado"]
[Date "2026.05.02"]
[Round "2.1"]
[White "Erdogmus, Yagiz Kaan"]
[Black "Erigaisi Arjun"]
[Result "1/2-1/2"]
[WhiteElo "2708"]
[BlackElo "2751"]
[PlyCount "155"]
[EventDate "2026.??.??"]
[WhiteTeam "TUR"]
[BlackTeam "IND"]
[WhiteClock "0:02:19"]
[BlackClock "0:05:07"]

1. e4 e5 2. Nf3 Nc6 3. Bb5 a6 4. Ba4 Nf6 5. O-O Be7 6. d3 b5 7. Bb3 d6 8. c3 O-O 9. Nbd2 Na5 10. Bc2 c5 11. d4 cxd4 ({RR} 11... Qc7 12. d5 Bd7 13. b3 g6 14. Re1 Nh5 15. Nf1 Nb7 16. Bh6 Ng7 17. a4 Rfb8 18. Qd2 Nd8 19. b4 f6 20. bxc5 dxc5 21. axb5 axb5 22. c4 b4 23. Qe2 Nf7 24. Be3 Rxa1 25. Rxa1 f5 26. Bc1 {Carlsen,M (2690)-Kramnik,V (2766) Monte Carlo 2007 ½-½}) ({RR} 11... Qc7 12. Re1 cxd4 13. cxd4 Nc6 14. d5 Nb4 15. Bb1 a5 16. a3 Na6 17. Qe2 Bd7 18. Bd3 Rfb8 19. Nb3 a4 20. Nbd2 Nc5 21. Nf1 Nxd3 22. Qxd3 b4 23. axb4 Rxb4 24. Bd2 Rxb2 25. Rec1 Qb7 26. Ne3 {Mohamed Zaki,J (1931)-Avila,L (2182) chess.com INT 2026 0-1 (63)}) 12. cxd4 Qc7 13. d5 $146 ({RR} 13. b3 Bg4 14. Bb2 Nc6 15. h3 Nxd4 16. Bxd4 Bxf3 17. Nxf3 exd4 18. Rc1 Qb6 19. Nxd4 g6 20. Bb1 {½-½ (20) Ochoa de Echaguen,F (2410)-Fernandez Garcia,J (2465) Zamora 1996}) ({RR} 13. b3 exd4 14. Bb2 Nc6 15. Nxd4 Nxd4 16. Bxd4 Bb7 17. Re1 Rac8 18. Bd3 Nd7 19. a4 Bc6 20. axb5 axb5 21. Ra7 Qd8 22. Qe2 Nc5 23. Bxb5 Bxb5 24. Qxb5 Bg5 25. Be3 Bxe3 26. Rxe3 d5 27. exd5 Qxd5 {Manik,M (2512)-Toczek,G (2380) Slovakia 2005 1-0}) 13... Bg4 14. h3 Bh5 15. Re1 Rfc8 16. Bb1 Bd8 17. g4 Bg6 18. Nf1 Nb7 19. Ng3 Nc5 20. Kg2 Rab8 21. Qe2 Qa5 22. Nd2 Nfd7 23. Rh1 Bh4 24. Qe3 h6 25. Nf3 Bxg3 26. Kxg3 Nf6 27. Nd2 Rb7 28. f3 Rbc7 29. Rd1 Nfd7 30. b3 Qb6 31. Kf2 a5 32. Bb2 Qa7 33. Rc1 f6 34. a3 Ra8 35. Bc2 Bf7 36. b4 axb4 37. axb4 Na6 38. Bd3 Qb8 39. Rxc7 Nxc7 40. Nb3 Ra4 41. Qe1 Nf8 42. Na5 Be8 43. Bc2 Rxa1 44. Bxa1 Ng6 45. Bc3 Nf4 46. h4 Qc8 47. Bd2 h5 48. Bxf4 exf4 49. Nc6 Bxc6 50. dxc6 hxg4 51. Qd2 Qe6 52. Qxf4 Qc4 53. Qd2 gxf3 54. Kxf3 Qxc6 55. Bb3+ Kf8 56. h5 Ke7 57. Kf4 Ne6+ 58. Bxe6 Kxe6 59. Qa2+ Qc4 60. Qxc4+ bxc4 61. b5 d5 62. b6 c3 63. Ke3 d4+ 64. Kxd4 c2 65. b7 c1=Q 66. b8=Q Qd1+ 67. Ke3 Qxh5 68. Qg8+ Qf7 69. Qc8+ Qd7 70. Qg8+ Kd6 71. Qf8+ Kc6 72. Qa8+ Kc7 73. Qa5+ Kd6 74. e5+ fxe5 75. Qb4+ Kc6 76. Qa4+ Kc7 77. Qa5+ Kd6 78. Qb4+ 1/2-1/2

[Event "Tepe Sigeman 2026"]
[Site "Elite Plaza Hotel, Gustav Ado"]
[Date "2026.05.02"]
[Round "2.2"]
[White "Abdusattorov, Nodirbek"]
[Black "Woodward, Andy"]
[Result "1/2-1/2"]
[WhiteElo "2780"]
[BlackElo "2635"]
[PlyCount "157"]
[EventDate "2026.??.??"]
[WhiteTeam "UZB"]
[BlackTeam "USA"]
[WhiteClock "0:02:50"]
[BlackClock "0:05:22"]

1. d4 Nf6 2. c4 e6 3. Nf3 d5 4. Nc3 Bb4 5. Qa4+ Nc6 6. e3 O-O 7. Qc2 Re8 8. Bd2 Bf8 9. Be2 Nb4 10. Qb1 dxc4 11. Bxc4 b6 12. a3 Ba6 13. Be2 Bxe2 14. Nxe2 Nbd5 15. e4 Ne7 16. e5 Nd7 17. Ng5 Ng6 18. h4 Be7 19. f4 Bxg5 $146 ({RR} 19... Ngf8 20. Nf3 c5 21. h5 h6 22. O-O cxd4 23. b4 b5 24. Nexd4 a6 25. Qe4 f5 26. Qe2 Nb6 27. Kh2 Qd7 28. Rg1 Red8 29. a4 {½-½ (29) Kaasen,T (2459)-Garifullina,L (2357) Belgrade SRB 2023}) ({RR} 19... Ngf8 20. Nf3 c5 21. h5 h6 22. O-O cxd4 23. b4 b5 24. Nexd4 a6 25. Qe4 f5 26. Qe2 Nb6 27. Kh2 Qd7 28. Rg1 Red8 29. a4 {½-½ (29) Kaasen,T (2459)-Garifullina,L (2357) Belgrade SRB 2023}) 20. hxg5 c5 21. Be3 Rc8 22. Kf2 cxd4 23. Nxd4 Nc5 24. b4 Na4 25. Ne2 Rc4 26. Qb3 b5 27. Rac1 Nb6 28. Rhd1 Qa8 29. Bxb6 axb6 30. Qf3 Qa4 31. Rd2 Rxc1 32. Nxc1 Ne7 33. Ne2 Nd5 34. f5 Qa7 35. f6 Qc7 36. Qe4 Rc8 37. Rd1 Qb8 38. Rh1 h6 39. fxg7 Rc4 40. Nd4 Nc3 41. Qf4 Nd5 42. Qe4 Nc3 43. Qe3 Nd5 44. Qd3 Kxg7 45. gxh6+ Kh8 46. Qg3 Qf8 47. Rh4 Rc3 48. Qg5 Rxa3 49. Rg4 Ra8 50. Kg1 Qg8 51. Qh4 Qh7 52. Rg7 Qd3 53. Nf3 Rg8 54. Qg4 Qe3+ 55. Kf1 Qd3+ 56. Kf2 Rc8 57. Qg5 Ne3 58. Kg1 Nd5 59. Kh2 Qe4 60. Rxf7 Rg8 61. Rg7 Qf4+ 62. Qxf4 Nxf4 63. Rxg8+ Kxg8 64. g4 Nd3 65. Kg3 Kh7 66. g5 Nxb4 67. Kf4 Nd3+ 68. Ke3 Nc5 69. Kd4 b4 70. Kc4 b3 71. Kc3 b5 72. Nd2 Nd7 73. Nf3 Nc5 74. Ne1 Ne4+ 75. Kxb3 Nxg5 76. Kb4 Nf7 77. Nd3 Nxe5 78. Nxe5 Kxh6 79. Kxb5 1/2-1/2

[Event "Tepe Sigeman 2026"]
[Site "Elite Plaza Hotel, Gustav Ado"]
[Date "2026.05.02"]
[Round "2.3"]
[White "Grandelius, Nils"]
[Black "Carlsen, Magnus"]
[Result "0-1"]
[WhiteElo "2662"]
[BlackElo "2840"]
[PlyCount "72"]
[EventDate "2026.??.??"]
[WhiteTeam "SWE"]
[BlackTeam "NOR"]
[WhiteClock "0:01:00"]
[BlackClock "0:11:55"]

1. d4 Nf6 2. c4 e6 3. Nc3 c5 4. d5 exd5 5. cxd5 d6 6. e4 g6 7. Be2 Bg7 8. Be3 O-O 9. Nf3 Bg4 10. Nd2 Bxe2 11. Qxe2 Nbd7 12. O-O Ne8 13. f4 $146 ({RR} 13. Bf4 Ne5 14. Bg3 f5 15. f4 Ng4 16. e5 g5 17. Nf3 dxe5 18. Nxe5 Nxe5 19. fxe5 f4 20. Bf2 Rf5 21. Qd3 Rxe5 22. Bxc5 Nd6 23. Bd4 Re8 24. Rae1 Qd7 25. Bxg7 Qxg7 26. Re6 Rad8 27. Rfe1 a6 {Diaz,F (2070)-Benitez Galeano,A (2065) Asuncion 2018 1-0}) 13... f5 14. exf5 gxf5 15. Bf2 Nc7 16. Nf3 Nf6 17. Qd3 b5 18. Nxb5 Nxb5 19. Qxb5 Rb8 20. Qd3 Ne4 21. Rab1 Qa5 22. Ng5 Qd2 23. Qh3 Nxg5 24. fxg5 Rxb2 25. Rxb2 Qxb2 26. Qh5 Qxa2 27. g6 h6 28. Qf3 a5 29. h4 a4 30. Qf4 a3 31. Qxd6 Qb2 32. Bxc5 a2 33. Qe6+ Kh8 34. Kh2 Qe5+ 35. Qxe5 Bxe5+ 36. Kh3 Rd8 0-1

[Event "Tepe Sigeman 2026"]
[Site "Elite Plaza Hotel, Gustav Ado"]
[Date "2026.05.02"]
[Round "2.4"]
[White "Van Foreest, Jorden"]
[Black "Zhu, Jiner"]
[Result "1/2-1/2"]
[WhiteElo "2735"]
[BlackElo "2546"]
[PlyCount "186"]
[EventDate "2026.??.??"]
[WhiteTeam "NED"]
[BlackTeam "CHN"]
[WhiteClock "0:01:20"]
[BlackClock "0:06:23"]

1. d4 Nf6 2. Nf3 d5 3. Bf4 c5 4. e3 Nc6 5. Nbd2 Nh5 6. dxc5 Nxf4 7. exf4 g6 8. c3 Bh6 9. g3 O-O 10. Nb3 ({RR} 10. Bg2 b6 11. Qa4 Bd7 12. Qa3 e6 13. O-O Rb8 14. cxb6 Qxb6 15. b3 Rfd8 16. Rac1 a5 17. c4 Bg7 18. cxd5 exd5 19. Qc5 a4 20. Qxb6 Rxb6 21. bxa4 Ra6 22. Nb3 Be8 23. Nc5 Ra7 24. Rfd1 d4 {Alonso Rosell,A (2535)-Pichot,A (2613) chess.com INT 2025 1-0 (38)}) 10... Bg7 11. Bb5 ({RR} 11. h4 Bg4 12. Be2 Bxf3 13. Bxf3 e6 14. O-O Rc8 15. Qe2 Na5 16. Rfd1 Nc4 17. Be4 Na5 18. Bd3 b6 19. cxb6 Qxb6 20. h5 Nxb3 21. axb3 a5 22. Bc2 Rc5 23. Rd3 d4 24. hxg6 hxg6 25. c4 Bf6 {Aronian,L (2782)-Abdusattorov,N (2646) Riga 2021 1-0 (43)}) 11... Bh3 $146 ({RR} 11... a5 12. a4 Bh3 13. Ng5 Bf5 14. Nf3 Rc8 15. O-O Bg4 16. Qd3 Bxf3 17. Qxf3 e6 18. Rfd1 Qc7 19. Rab1 Rfd8 20. Nc1 b6 21. cxb6 Qxb6 22. b3 Ne7 23. Ne2 Nf5 24. c4 Nd4 25. Nxd4 Bxd4 26. Kg2 {Maghsoodloo,P (2721)-Esipenko,A (2668) Hamburg GER 2023 ½-½ (32)}) ({RR} 11... a5 12. a4 Bh3 13. Ng5 Bf5 14. Nf3 Rc8 15. O-O Bg4 16. Qd3 Bxf3 17. Qxf3 e6 18. Rfd1 Qc7 19. Rab1 Rfd8 20. Nc1 b6 21. cxb6 Qxb6 22. b3 Ne7 23. Ne2 Nf5 24. c4 Nd4 25. Nxd4 Bxd4 26. Kg2 {Maghsoodloo,P (2721)-Esipenko,A (2668) Hamburg GER 2023 ½-½ (32)}) 12. Ng5 Bf5 13. h4 d4 14. Bxc6 bxc6 15. Nxd4 Qd5 16. O-O Qxc5 17. Nxf5 Qxf5 18. Qe2 Rab8 19. Rad1 Qb5 20. Rd2 Qxe2 21. Rxe2 h6 22. Nf3 Rfd8 23. Rfe1 e6 24. Rc2 Rd5 25. Re4 Kf8 26. Ra4 Rb7 27. Nd2 Ke8 28. Nb3 Kd7 29. Ra6 Bf8 30. Kg2 c5 31. Ra4 Kc8 32. Re2 Bd6 33. Ree4 Kb8 34. Kf3 Rb6 35. Re2 a6 36. Na5 Bc7 37. Nc4 Rc6 38. Ne3 Rd3 39. Re1 Rd2 40. Nc4 Rd5 41. Ke2 Ka7 42. Ne3 Rd8 43. h5 gxh5 44. Rh1 Rcd6 45. Kf3 Rd2 46. b3 Rb2 47. Nc4 Rd3+ 48. Kg2 Re2 49. Kf1 Rc2 50. Rxh5 Rf3 51. Rh2 h5 52. Na3 Rb2 53. Nb5+ Kb6 54. Nxc7 Kxc7 55. Rxa6 Kb7 56. Ra4 Rxc3 57. Rxh5 Rf3 58. Rh2 Rxg3 59. fxg3 Rxh2 60. g4 Kc6 61. g5 Kd5 62. Ra7 Ke4 63. Rxf7 Rxa2 64. g6 Kf3 65. Ke1 Ke3 66. Kd1 Rg2 67. Rf6 Kd3 68. Ke1 Ke3 69. Kf1 Rg4 70. Rxe6+ Kxf4 71. Ke2 Kf5 72. Rc6 Rg3 73. Rb6 Ke4 74. Kf2 Rg5 75. Ra6 Kf4 76. Ke2 Ke4 77. Rb6 Rg2+ 78. Kf1 Rg5 79. Kf2 Kf4 80. Ke2 Ke4 81. Ke1 Rg1+ 82. Kd2 Kd4 83. Ke2 Ke4 84. Re6+ Kd5 85. Rf6 Ke5 86. Ra6 Ke4 87. Kf2 Rg5 88. Rb6 Kf4 89. Ke2 Ke4 90. Kd2 Kd4 91. Rd6+ Ke5 92. Rb6 Kd4 93. Rd6+ Ke5 1/2-1/2

[Event "Tepe Sigeman 2026"]
[Site "Elite Plaza Hotel, Gustav Ado"]
[Date "2026.05.03"]
[Round "3.1"]
[White "Erigaisi Arjun"]
[Black "Grandelius, Nils"]
[Result "1-0"]
[WhiteElo "2751"]
[BlackElo "2662"]
[PlyCount "83"]
[EventDate "2026.??.??"]
[WhiteTeam "IND"]
[BlackTeam "SWE"]
[WhiteClock "0:57:23"]
[BlackClock "0:26:25"]

1. e4 c5 2. Nf3 d6 3. d4 cxd4 4. Nxd4 Nf6 5. Nc3 g6 6. Be3 Bg7 7. f3 Nc6 8. Qd2 O-O 9. O-O-O d5 10. Nxc6 bxc6 11. Bc4 e6 12. Bb3 Bb7 13. h4 ({RR} 13. Na4 Nd7 14. h4 Qe7 15. Qa5 Rfc8 16. Nc5 d4 17. Nxd7 dxe3 18. Qc5 Qxc5 19. Nxc5 Rab8 20. g3 Ba8 21. Rhe1 Rb5 22. Nd3 c5 23. Bc4 Ra5 24. Rxe3 Ra4 25. Bb3 Ra5 26. c4 Bc6 27. Re2 Rb8 {Sevian,S (2668)-Mamedov,R (2678) Riga 2021 1-0 (38)}) 13... dxe4 $146 ({RR} 13... Qe7 14. h5 c5 15. Bh6 dxe4 16. Bxg7 Kxg7 17. hxg6 fxg6 18. Qh6+ Kg8 19. Nxe4 Bxe4 20. fxe4 Nxe4 21. Bxe6+ Kh8 22. Kb1 Nf2 23. Bd5 Rad8 24. Rde1 Qg7 25. Bb3 Nxh1 26. Qxh1 Rb8 27. Qh4 Qd4 28. Qxd4+ {Chen,Y (2068)-Richter,P (2171) chess.com INT 2025 0-1 (43)}) ({RR} 13... Qc7 14. Bh6 dxe4 15. Bxg7 Kxg7 16. Nxe4 Nxe4 17. fxe4 Rad8 18. Qg5 h6 19. Qg4 Rxd1+ 20. Rxd1 Rd8 21. h5 Rxd1+ 22. Qxd1 Qf4+ 23. Kb1 gxh5 24. a3 c5 25. Qxh5 Bxe4 26. Qxc5 Bxg2 27. Qxa7 h5 28. Bxe6 {Shafer,L (2203)-Smail,B (2075) chess.com INT 2026 0-1 (49)}) ({RR} 13... Qe7 14. h5 Nxh5 15. g4 Nf6 16. Bh6 Bh8 17. Qh2 Rfd8 18. e5 Nd7 19. f4 f6 20. Ne4 fxe5 21. Bg5 Qg7 22. Nd6 exf4 23. c3 Nc5 24. Bf6 Qc7 25. Bxh8 Kxh8 26. Bc2 Rxd6 27. Qxf4 Rad8 28. Bxg6 {Paravyan,D (2592)-Golubev,M (2461) Chess.com INT 2022 1-0 (41)}) 14. Qf2 Qc7 15. Nxe4 Nxe4 16. fxe4 c5 17. Bxc5 Rfd8 18. Bxa7 Qe5 19. c3 Qxe4 20. Rxd8+ Rxd8 21. Re1 Qxg2 22. Qxg2 Bxg2 23. a4 Ra8 24. Bb6 Bc6 25. a5 Bf6 26. h5 gxh5 27. Bc2 Bg5+ 28. Kb1 h4 29. Be4 Bxe4+ 30. Rxe4 h3 31. Kc2 h2 32. Re1 Bf4 33. b4 e5 34. b5 e4 35. a6 e3 36. Kd3 e2 37. Rh1 Re8 38. Bf2 Bc7 39. a7 Kg7 40. c4 Bb6 41. a8=Q e1=N+ 42. Rxe1 1-0

[Event "Tepe Sigeman 2026"]
[Site "Elite Plaza Hotel, Gustav Ado"]
[Date "2026.05.03"]
[Round "3.2"]
[White "Woodward, Andy"]
[Black "Van Foreest, Jorden"]
[Result "1/2-1/2"]
[WhiteElo "2635"]
[BlackElo "2735"]
[PlyCount "79"]
[EventDate "2026.??.??"]
[WhiteTeam "USA"]
[BlackTeam "NED"]
[WhiteClock "0:19:21"]
[BlackClock "0:23:13"]

1. d4 d6 2. e4 Nf6 3. Nc3 e5 4. Nf3 Nbd7 5. Rg1 c6 6. g4 g6 7. Be3 Be7 ({RR} 7... Qa5 8. Bd3 exd4 9. Nxd4 Ne5 10. Nb3 Qc7 11. Be2 d5 12. f4 Nc4 13. Bd4 Qxf4 14. exd5 Ne3 15. Qd3 Bh6 16. g5 Qh4+ 17. Kd2 Nexd5 18. Nxd5 Bxg5+ 19. Rxg5 Qxg5+ 20. Qe3+ Qxe3+ 21. Nxe3 Ne4+ 22. Ke1 {Fedoseev,V (2678)-Bosiocic,M (2625) Chess.com INT 2020 1-0 (47)}) 8. a3 h5 $146 ({RR} 8... O-O 9. Qd2 Rb8 10. g5 Nh5 11. d5 f5 12. exf5 Rxf5 13. Nh4 Rf8 14. Bxa7 Ra8 15. Be3 Nb6 16. O-O-O Nf4 17. dxc6 bxc6 18. Ne4 Nbd5 19. c4 Nxe3 20. fxe3 Nh3 21. Rg3 Nxg5 22. Nxg5 Bxg5 23. Nxg6 {Sowinski,P (2421)-Kadric,D (2523) Katowice POL 2026 0-1 (33)}) 9. gxh5 Rxh5 10. Rg5 Rxg5 11. Nxg5 exd4 12. Bxd4 Nh5 13. h4 Ne5 14. Be3 Ng4 15. Qf3 f6 16. Nh3 Nxe3 17. fxe3 Be6 18. Nf4 Nxf4 19. exf4 Qa5 20. O-O-O Qh5 21. Qxh5 gxh5 22. Be2 Kd7 23. Bxh5 Rh8 24. Bf3 Rxh4 25. Ne2 Bc4 26. Kd2 Bf8 27. Rh1 Rxh1 28. Bxh1 Bh6 29. Bg2 b5 30. b3 Bxe2 31. Kxe2 Bxf4 32. Kd3 Kc7 33. a4 a5 34. c4 bxa4 35. bxa4 Kb6 36. Bh3 Kc5 37. Bd7 Be5 38. Be8 Bf4 39. Bd7 Be5 40. Be8 1/2-1/2

[Event "Tepe Sigeman 2026"]
[Site "Elite Plaza Hotel, Gustav Ado"]
[Date "2026.05.03"]
[Round "3.3"]
[White "Carlsen, Magnus"]
[Black "Abdusattorov, Nodirbek"]
[Result "1/2-1/2"]
[WhiteElo "2840"]
[BlackElo "2780"]
[PlyCount "88"]
[EventDate "2026.??.??"]
[WhiteTeam "NOR"]
[BlackTeam "UZB"]
[WhiteClock "0:03:17"]
[BlackClock "0:12:18"]

1. d4 d5 2. Nf3 Nf6 3. c4 c6 4. Qc2 g6 5. cxd5 cxd5 6. Nc3 Nc6 7. Bf4 Bg7 8. e3 O-O 9. Be2 a6 10. h3 Bf5 11. Qb3 Na5 12. Qb4 Re8 13. O-O Bf8 14. Qa4 b5 15. Qd1 Nc4 $146 ({RR} 15... Rc8 16. Ne5 Nc4 17. Nxc4 dxc4 18. Bf3 Bd3 19. Re1 Qb6 20. Rc1 Rcd8 21. b3 Qa5 22. bxc4 Bxc4 23. Qc2 Bg7 24. a4 Rc8 25. axb5 axb5 26. Qb2 b4 27. Ne4 Nxe4 28. Bxe4 e5 29. dxe5 Bxe5 30. Bxe5 {Makarian,R (2537)-Yanchenko,R (2466) chess.com INT 2024 0-1 (54)}) ({RR} 15... Rc8 16. Rc1 Ne4 17. Nxe4 Bxe4 18. Ne5 Nc4 19. b3 {½-½ (19) Grabarczyk,M (2469)-Sharapov,E (2466) Chojnice 2009}) 16. b3 Na3 17. Bd3 Bxd3 18. Qxd3 e6 19. Rac1 Rc8 20. Ne2 Qb6 21. Ne5 Qb7 22. f3 b4 23. Qd2 Nb5 24. Nd3 Nd7 25. Rxc8 Rxc8 26. Rc1 a5 27. Kf2 f6 28. g4 Be7 29. h4 Rc6 30. g5 Qc8 31. Rxc6 Qxc6 32. gxf6 Bxf6 33. Bg5 Qc7 34. Kg2 Nd6 35. Ng3 Kf7 36. Qe2 Ke7 37. Ne5 Bxg5 38. hxg5 Nxe5 39. dxe5 Nf5 40. Nxf5+ gxf5 41. f4 Qc1 42. Qa6 Qd2+ 43. Kf3 Qd1+ 44. Kf2 Qd2+ 1/2-1/2

[Event "Tepe Sigeman 2026"]
[Site "Elite Plaza Hotel, Gustav Ado"]
[Date "2026.05.03"]
[Round "3.4"]
[White "Zhu, Jiner"]
[Black "Erdogmus, Yagiz Kaan"]
[Result "0-1"]
[WhiteElo "2546"]
[BlackElo "2708"]
[PlyCount "67"]
[EventDate "2026.??.??"]
[WhiteTeam "CHN"]
[BlackTeam "TUR"]
[WhiteClock "0:00:32"]
[BlackClock "0:01:42"]

1. Nf3 d5 2. e3 Nf6 3. b3 Bg4 4. Bb2 Nbd7 5. Be2 c6 6. d3 e6 7. h3 Bh5 8. Nbd2 ({RR} 8. g4 Bg6 9. g5 Ng8 10. Rg1 h6 11. h4 Qc7 12. Nbd2 O-O-O 13. c4 Ne7 14. b4 hxg5 15. hxg5 Nf5 16. a3 Bd6 17. Qb3 Bh2 18. Rf1 Ne5 19. Bxe5 Bxe5 20. d4 Bh2 21. Rc1 Kb8 22. cxd5 exd5 {Gareev,T (2558)-Elorta,D (2243) General Santos City PHI 2026 ½-½ (71)}) 8... h6 9. c4 $146 ({RR} 9. a3 Bd6 10. c4 Qe7 11. d4 O-O 12. O-O Rac8 13. b4 Bb8 14. c5 Ne4 15. Nxe4 dxe4 16. Nd2 Bxe2 17. Qxe2 f5 18. Qh5 Kh7 19. f4 Rg8 20. Nc4 Nf6 21. Qe2 g5 22. Ne5 gxf4 23. exf4 Rg3 {Petrovic,M-Markov,V (2060) Sibenik 1986 0-1 (32)}) 9... Bd6 10. Nd4 Bg6 11. g4 O-O 12. Rg1 e5 13. Nf5 Bxf5 14. gxf5 Qe7 15. a3 a5 16. Qc2 Rfe8 17. Bf3 Nc5 18. e4 dxe4 19. dxe4 Rad8 20. Be2 Kh7 21. Rg3 g6 22. Rf3 Ncd7 23. Nf1 Nh5 24. Ne3 Nf4 25. Bf1 Nf6 26. c5 Bxc5 27. Nc4 Bd4 28. O-O-O Bxb2+ 29. Kxb2 Rxd1 30. Qxd1 gxf5 31. exf5 N6d5 32. Rg3 Qf6 33. Ka2 b5 34. Ne3 0-1